000 00623nam a2200169 4500
008 040909s1998 mau b 001 0 eng
020 _a1565630904 :USD8.00
090 _aBS537
_bG35l
100 1 _aGibson, John C. L.
245 1 0 _aLanguage and imagery in the Old Testament /
_cJ.C.L. Gibson.
260 _aPeabody, Mass. :
_bHendrickson Publishers,
_cc1998.
300 _aix, 166 p. ;
_c22 cm.
504 _aIncludes bibliographical references (p. 155-156) and index.
630 1 4 _aBible.
_pO.T.
_xLanguage, style.
650 4 _aBible as literature.
951 _p27589
_x00029509
_oBS537/G35l
_j070613111415718
_d2000-12-21
_cGC
999 _c21165
_d21165